Mitosis of duck feather pulp and artificial control of its diurnal rythm
Salvato in:
| Autore principale: | |
|---|---|
| Natura: | Libro |
| Lingua: | Undetermined |
| Pubblicazione: |
Cần Thơ
Viện Đại Học Cần Thơ - Trường Cao Đẳng Nông Nghiệp
1973
|
| Soggetti: | |
| Tags: |
Aggiungi Tag
Nessun Tag, puoi essere il primo ad aggiungerne! !
|
| Thư viện lưu trữ: | Trung tâm Học liệu Trường Đại học Cần Thơ |
|---|
| LEADER | 00627nam a2200181Ia 4500 | ||
|---|---|---|---|
| 001 | CTU_33541 | ||
| 008 | 210402s9999 xx 000 0 und d | ||
| 082 | |a 636.5082 | ||
| 082 | |b V106 | ||
| 100 | |a Cổ Văn Vàng | ||
| 245 | 0 | |a Mitosis of duck feather pulp and artificial control of its diurnal rythm | |
| 245 | 0 | |c Cổ Văn Vàng | |
| 260 | |a Cần Thơ | ||
| 260 | |b Viện Đại Học Cần Thơ - Trường Cao Đẳng Nông Nghiệp | ||
| 260 | |c 1973 | ||
| 650 | |a domestic animals,duck - breeding,poultry | ||
| 904 | |i Minh, 991102 | ||
| 980 | |a Trung tâm Học liệu Trường Đại học Cần Thơ | ||